समजे पर्यंत जादू वाटणारे वैदिक गणित 1 (Record no. 457056)

MARC details
000 -LEADER
fixed length control field 00694nam a2200145Ia 4500
008 - FIXED-LENGTH DATA ELEMENTS--GENERAL INFORMATION
fixed length control field 100204s9999 xx 000 0 und d
082 ## - DEWEY DECIMAL CLASSIFICATION NUMBER
Item number 12624
100 ## - MAIN ENTRY--PERSONAL NAME
Personal name बापट बा. ग./कुलकर्णी
245 ## - TITLE STATEMENT
Title समजे पर्यंत जादू वाटणारे वैदिक गणित 1
260 ## - PUBLICATION, DISTRIBUTION, ETC. (IMPRINT)
Name of publisher, distributor, etc "दिलीप दत्तात्रय कुलकर्णी , पुणे"
300 ## - PHYSICAL DESCRIPTION
Extent 68
630 ## - SUBJECT ADDED ENTRY--UNIFORM TITLE
Uniform title समजे पर्यंत जादू वाटणारे वैदिक गणित 1
730 ## - ADDED ENTRY--UNIFORM TITLE
Uniform title समजे पर्यंत जादू वाटणारे वैदिक गणित 1
942 ## - ADDED ENTRY ELEMENTS (KOHA)
Koha item type Book
Holdings
Withdrawn status Lost status Damaged status Not for loan Home library Current library Date acquired Cost, normal purchase price Total Checkouts Full call number Barcode Date last seen Cost, replacement price Price effective from Koha item type
        N. C. Kelkar Sarvajanik Library, Mulund N. C. Kelkar Sarvajanik Library, Mulund 02/04/2010 8.00   12624 NCKMULUND-12624 02/04/2010 8.00 02/04/2010 Book